Project management : (Record no. 24320)

MARC details
000 -LEADER
fixed length control field 00667cam a2200217 i 4500
020 ## - INTERNATIONAL STANDARD BOOK NUMBER
ISBN 9780070600935
041 ## - LANGUAGE CODE
Language code of text/sound track or separate title English
082 00 - DEWEY DECIMAL CLASSIFICATION NUMBER
Classification number 658.404
Item number GRA
100 1# - MAIN ENTRY--AUTHOR NAME
Author name Gray, Clifford F.
245 10 - TITLE STATEMENT
Title Project management :
Sub Title the managerial process /
Statement of responsibility, etc Clifford F. Gray, Erik W. Larson.
250 ## - EDITION STATEMENT
Edition statement Sixth edition.
260 ## - PUBLICATION, DISTRIBUTION, ETC. (IMPRINT)
Place of publication New Delhi :
Name of publisher McGraw-Hill Education ,
Year of publication 2008.
300 ## - PHYSICAL DESCRIPTION
Number of Pages xvii, 561 pages :
Other physical details illustrations ;
Dimensions 24 cm.
504 ## - BIBLIOGRAPHY, ETC. NOTE
Bibliography, etc Includes bibliographical references and index.
650 #0 - SUBJECT ADDED ENTRY--TOPICAL TERM
Subject Project management.
650 #0 - SUBJECT ADDED ENTRY--TOPICAL TERM
Subject Time management.
650 #0 - SUBJECT ADDED ENTRY--TOPICAL TERM
Subject Risk management.
700 1# - ADDED ENTRY--PERSONAL NAME
Author 2/ Editor Larson, Erik W.,
942 ## - ADDED ENTRY ELEMENTS (KOHA)
Source of classification or shelving scheme Dewey Decimal Classification
Koha item type Books
Holdings
Withdrawn status Lost status Source of classification or shelving scheme Damaged status Not for loan Home library Current library Shelving location Date acquired Source of acquisition Cost, normal purchase price Full call number Accession Number Price effective from Koha item type
    Dewey Decimal Classification     Institute of Public Enterprise, Library Institute of Public Enterprise, Library S Campus 05/02/2026 Gifted by Prof. S. Sathish Kumar (IPE Faculty ) 410.00 658.404 GRA 51030 05/02/2026 Books

Maintained and Designed by
2cqr automation private limited, Chennai. All Rights Reserved.

You are Visitor Number

PHP Hits Count